[Event "HCL-A099"]
[Site "www.playchess.de"]
[Date "2001.03.25"]
[Round "4"]
[White "Matti"]
[Black "janus"]
[WhiteElo "1612"]
[BlackElo "1827"]
[PlyCount "60"]
[Result "0-1"]

1.e4 Nc6 {Good luck for you in our game !!}  2.d4 
{Viel Glück auch dir.}  d5 {Vielen Dank ! Sorry - 
ich hatte nicht auf Deine Nationalität geschaut !} 
 3.e5 {Kein Problem. Wo wohnst du? Ich in 
Erzhausen (bei Darmstadt)}  Bf5 {Ich wohne in 
Lützelbach im Odenwald - da sind wir ja fast 
Nachbarn *g* !!}  4.Bb5 Qd7 {Hast Du gegen diese 
"krumme" Verteidigung schon gespielt ?}  5.Bf4 
{Das sieht wirklich krumm aus. Ich bezweifle ja, 
daß das gut ist, aber ob ich das beweisen kann?!}  
a6 {Ich bin auch gespannt - auf jeden Fall ist es 
mal etwas anderes als die üblichen Eröffnungen 
;-)) !!}  6.Ba4 {Ja, und wer hat auch schon Lust, 
25 Züge Theorie runterzuspulen?!}  e6 {Stimmt 
genau !! Spielst Du eigentlich im Club ? Ich bin 
nur ein "Hobbypatzer" *g* !}  7.Nf3 {Ja, ich bin 
Vereinsspieler. Mein Team spielt morgen wieder, 
aber Topstars sind wir auch nicht...}  Nge7 {Wer 
ist das schon ? Auf jeden Fall wünsche ich Dir 
viel Erfolg !!}  8.O-O {Danke, werden wir brauchen 
können. Unser Ziel ist immer noch der Aufstieg, 
aber zu 99% wirds nix}  Ng6 {Falls Du magst, dann 
kannst Du ja über Dein Ergebnis berichten.}  9.Bg3 
{Ich werds erwähnen...}  b5 {Ok - bin gespannt ! 
Jetzt kommt endlich der Befreiungszug b5.}  10.Bb3 
{Wir haben 6,5-1,5 gewonnen. Ich auch.}  Na5 
{Super - herzlichen Glückwunsch !! Was hast Du 
denn gespielt ?}  11.Nbd2 {Irgendso eine 
Fianchettoeröffnung. Weiß selbst nicht, wie man 
die nennt...}  Be7 {Ok - ist auch nicht so 
wichtig. In unserer Partie hat Schwarz Ausgleich, 
so glaube ich ?!}  12.c3 {Kann sein...}  Nxb3 
13.axb3 {Sieht ganz danach aus, aber wer weiß? 
Kann noch viel passieren...}  a5 {Stimmt - wir 
sind ja noch in der Eröffnung.}  14.Re1 O-O 15.c4 
c5 16.dxc5 Bxc5 17.Nh4 Bb4 18.Nxf5 exf5 19.f4 dxc4 
20.bxc4 Bxd2 21.Re2 Rfd8 22.Kh1 bxc4 23.Qc2 Qd3 
24.Qxd3 Rxd3 25.Rf1 Rb8 26.e6 fxe6 {Bis übermorgen 
- bin morgen auf der CeBIT.}  27.Rxe6 {Viel Spaß.} 
 Rxb2 {Ist recht anstrengend (morgens um 4.30 Uhr 
aufstehen) und leider muß ich Mo + Di nochmal hin 
;-(( !}  28.h4 Rxg3 29.h5 Nxf4 30.Re5 
Rg5 0-1

[Event "HCL-A100"]
[Site "www.playchess.de"]
[Date "2001.03.25"]
[Round "20"]
[White "mgwili"]
[Black "Gorodish"]
[WhiteElo "1900"]
[BlackElo "1790"]
[PlyCount "41"]
[Result "1-0"]

1.e4 {hi. how are u? am from zim. 25yrs. m. u?}  
e5 {Hello, I feel good, I am from germany, u know, 
Michael shoemaker?:-) I am 35}  2.Nf3 {schumacher? 
of course i know him! what do u do? i am a student 
at university (postgrad)}  Nf6 {I am a teacher at 
highscool , hm what means postgrad? best wishes 
...}  3.Nc3 {i am doing post graduate studies at  
local university. how was your weekend?}  d6 
{Schumi has won :-) in which subjects are you 
doing your postgraduate studies?}  4.Bc4 {i am 
studying for a masters in communication and media 
studies. do u like soccer?}  Be7 {yes! Special 
countries or teams?}  5.d4 {like the way fc bayern 
munchen plays. i hope they beat man utd (i hate 
them). i aslo like barcelona}  exd4 {yeah, 
revenge! u know the game, I think for three years, 
manu against munich, in the last minute ..}  
6.Nxd4 {i wish them well this time. are they your 
favourite team in the bundesliga?}  Nc6 {no, I am 
living near Stuttgart, so it is VFB Stuttgart}  
7.Nxc6 {your team did not make it to europe this 
year did it?}  bxc6 {no, new trainer since three 
weeks and at the end of the bundesliga :-) but 
they will come soon :-)}  8.O-O {do u think 
germany will make it to the world cup? i mean they 
have been playing badly recently.}  O-O {No! But 
there are too many young players, it needs time!}  
9.h3 {i think scholl, kahn and effenberg are the 
only players who are really talented}  Nd7 {Well, 
Kahn is very good, I think one of the best players 
on world}  10.f4 {who are the best players @ vfb 
stuttgart? have they got  players from africa?}  
Bf6 {no, not africa ... brasilia: Adhamar, the 
best player in my opinion ist Balakow (bulgaria)}  
11.Be3 {i see. germany is having a game @ the 
weekend? wanna predict the scores?}  Bxc3 {well, 
it seems to be clear on the paper, but albania is 
a difficult team: 2:0 And Zimbabwe?}  12.bxc3 {gd 
luck. zim is not playing well currently. by the 
way we've never qualified 4 any major tournament}  
Nb6 {what team is playing well in africa?}  13.Bd3 
{cameron. they are the best. i like their style of 
play}  Qh4 {right, but there is a dark site of 
soccer, Germany - Austria 1:1, I think 1986 and 
cameron was out .}  14.f5 {unfortunately i was 
only ten then, i don't remember anything. but i 
remember maradona & karl-heinz r}  Na4 
{rummenigge, o.k., so young and so interesting 
studies, you have private PC or at university?}  
15.Rf4 {unfortunately i cant afford a pc of my 
own. am using our computer lab. how r u doing in 
the tourname}  Qg3 {I have an own PC or using the 
PC´s at my scool}  16.Qd2 c5 {look at my page at 
playchess ... player info}  17.Rg4 {ok. did u 
watch the germany/albania game on tv?}  Qe5 {no, 
but 2:1, just how I said, it would be difficult 
...}  18.Bh6 {its the 3 pts that matter. zim. also 
won agst lesotho (o-1) africa nations qualifier. 
we r now ontop}  Qxc3 {hm, our game seems to be 
ending 1:0 for zim!}  19.Bxg7 {:-))}  Qxd2 20.Bf6+ 
Qg5 {Well, all the best for you! Good luck to 
you!}  21.Rxg5+ {thanks a lot. 'twas nice 
interacting with u. hope 2 meet u again!} 
 1-0

[Event "HCL-B233"]
[Site "www.playchess.de"]
[Date "2001.03.25"]
[Round "21"]
[White "runciter"]
[Black "bundori"]
[WhiteElo "1545"]
[BlackElo "1501"]
[PlyCount "44"]
[Result "0-1"]

1.e4 e6 2.d4 d5 3.Nc3 Bb4 4.e5 c5 5.a3 Bxc3+ 
6.bxc3 Ne7 7.Ne2 Nbc6 8.Rb1 Qa5 9.Qd2 b6 10.Bb2 
Ba6 11.g3 Nf5 12.g4 Nh4 13.Kd1 Qa4 14.Qg5 Ng6 
15.Qd2 Rc8 16.h4 h5 17.g5 Na5 18.Nf4 Bxf1 19.Nxg6 
Nc4 20.Qc1 Bg2 21.Nxh8 Bxh1 22.g6 
fxg6 0-1

[Event "HCL-A105"]
[Site "www.playchess.de"]
[Date "2001.03.25"]
[Round "33"]
[White "Geoffrey16"]
[Black "LUPES"]
[WhiteElo "1700"]
[BlackElo "1809"]
[PlyCount "46"]
[Result "0-1"]

1.e4 e5 2.Nf3 Nc6 3.d4 exd4 4.Bc4 Bb4+ 5.c3 dxc3 
6.O-O cxb2 7.Bxb2 Bf8 8.Qd5 Qe7 9.Ng5 Nd8 10.Ba3 
Qf6 11.Qa5 Be7 12.Bxe7 Nxe7 13.Nd2 b6 14.Qb5 a6 
15.Qb3 Qxg5 16.f4 Qc5+ 17.Kh1 Qd4 18.Nf3 Qxe4 
19.Rae1 Qf5 20.Ng5 Bb7 21.Re5 Qg6 22.Rfe1 Ne6 
23.Nxe6 Qxg2+ 0-1

[Event "HCL-A105"]
[Site "www.playchess.de"]
[Date "2001.03.25"]
[Round "34"]
[White "jimmyaaa"]
[Black "Geoffrey16"]
[WhiteElo "1910"]
[BlackElo "1700"]
[PlyCount "29"]
[Result "1-0"]

1.e4 c5 2.Nf3 Nc6 3.d4 cxd4 4.Nxd4 Qb6 5.Nb3 Nf6 
6.Nc3 e5 7.Be3 Qc7 8.a3 d6 9.Bg5 Be7 10.Bxf6 Bxf6 
11.Nb5 Qd8 12.Nxd6+ Kf8 13.Bc4 Be7 14.Qh5 g6 
15.Qh6+ 1-0

[Event "ACL-A127"]
[Site "www.playchess.de"]
[Date "2001.03.25"]
[Round "18"]
[White "Geoffrey16"]
[Black "Zynaps"]
[WhiteElo "1500"]
[BlackElo "1500"]
[PlyCount "60"]
[Result "0-1"]

1.e4 c6 2.d4 d5 3.Nc3 dxe4 4.Nxe4 Nd7 5.Nf3 Ngf6 
6.Nxf6+ Nxf6 7.Be2 Bg4 8.h3 Bh5 9.Bg5 Qb6 10.b3 
Ne4 11.Be3 Nc3 12.Qd3 Nxe2 13.Qxe2 Bxf3 14.Qxf3 
Qb4+ 15.Ke2 e6 16.Rhd1 Qc3 17.Qe4 O-O-O 18.a4 g6 
19.Rdc1 Bg7 20.Rcd1 h6 21.Rac1 Rd7 22.Rd3 Qb2 
23.g4 Rhd8 24.Kd1 Bxd4 25.Ke2 Bxe3 26.Rxd7 Bxc1 
27.Rxf7 Qc3 28.Qxe6+ Kb8 29.Qe7 Rd2+ 30.Kf1 
Qxh3+ 0-1

[Event "HCL-B226"]
[Site "www.playchess.de"]
[Date "2001.03.25"]
[Round "1"]
[White "Translightor"]
[Black "dakini"]
[WhiteElo "1488"]
[BlackElo "1137"]
[PlyCount "113"]
[Result "1-0"]

1.e4 {Schön, Dich wiederzusehen! Na, schachliche 
Fastenzeit beendet?}  c6 {Hallo! Die Diät ist 
eingstellt. Ich befürchte sonst einen Jojoeffekt. 
Letztes B-Turnier, Abstieg ste}  2.d4 {B185 ist 
mein Aufstieg in die A-Klasse, aber in den letzten 
Tagen gingen fast 100 Punkte futsch!}  d5 {Na da 
gratuliere ich Dir aber! Ich muß doch noch einiges 
lernen. allein die Zeit hierzu fehlt.}  3.e5 
{Lernen? Schach soll doch Spaß machen! Den wünsche 
ich Dir!!!}  Bf5 {Bliebe die Angst vorm 
darniedersausenden Nudelholz im Nacken... 
;-)))))))}  4.Nc3 {Nudelholz? Steht Dein PC in der 
Kneipe?}  e6 {Bekkommst du Dein Nudelholz in der 
Kneipe übergezogen? Feine Variante muß ich sagen!} 
 5.h4 {Nein, beim Nachhausekommen - wenn ich 
verheiratet wäre!}  Be7 {Kannst du Dir vorstellen, 
daß ich vorhin in gleicher Stellung im Zst. 
geistiger Umnachtung Dxh4 gesp}  6.g4 {Nudelholzl! 
Dafür have ich mir vor wenigen Minuten in B210-6 
ein Selbstmatt erlaubt...}  Be4 {Zeit die Kiste 
auszuschölaten}  7.Nxe4 {Nacht!}  dxe4 8.g5 c5 
{Gute Nacht!}  9.c3 {Guten Morgen! (Oder kannst Du 
Dich immer noch nicht vom Rechner trennen?)}  cxd4 
10.Qxd4 Qxd4 11.cxd4 {Wie lange wir wohl noch die 
einzigen in dieser Gruppe bleiben?}  Nc6 {Lassen 
wir uns überraschen! Werde gleich mal 
nachschauen!}  12.Bb5 {Jetzt sind wir immerhin zu 
dritt...}  Rc8 {Es werden schon noch ein paar 
Herausforderungen kommen ...}  13.a3 {So langsam 
wird's Zeit für die Heia...}  h6 {Soso! mir 
reichts auch für heute! Wünsche einen erholsamen 
Schlaf!}  14.gxh6 {Guten Morgen, liebe Sorgen! 
Welche Partien verlieren wir heute?}  Nxh6 {Na 
dann muß ich doch wirklich gleich mal in Deine 
Statistik schauen. Moin moin!}  15.Bg5 {Seitdem 
ich den Aufstieg in Klasse A sicher habe, verpatze 
ich so ziemlich alles in B!}  f6 {Solange Du in 
diesen Turnieren nicht letzter wirst, passiert Dir 
nicht das was mir bald droht. :-))}  16.exf6 {In 
welchem Turnier ist denn das? Ich sehe Dich noch 
nirgendwo als Letzter.}  gxf6 {HCL C178; HCL B232; 
HCL B205, um deren drei zu nennen!}  17.Be3 {C178 
zählt nicht, in B232 steigt Queiroz vielleicht 
aus, und in B205 brauchst Du nur ein Remis.}  a6 
{Wieso zählt C178 nicht? Ein letzter Platz in 
gleicher Klasse oder eine Etage tiefer führt zum 
Abstei}  18.Ba4 {Ach so, stimmt ja! Aber was viel 
schlimmer ist: Wieso ist Deine ELO nur noch 14? 
Beschwer Dich!}  b5 {Wo kannst Du denn diese Info 
abrufen?}  19.Bb3 {Auf Deiner Homepage, den 
Ranglisten - überall! Mach mal ne Fehlermeldung!}  
e5 {Ist geschehen! Mal sehen, wann und wie er 
reagiert. Ist wohlk beim remis gegen player 
passiert. Bei}  20.Rc1 {Na ja, immerhin hältst Du 
jetzt einen Rekord. 13 Punkte - das hatte noch 
keiner!}  exd4 21.Bxd4 Nf5 22.Be6 {Jetzt wird's 
ein bisschen radikal!}  Nfxd4 23.Bxc8 b4 24.axb4 
Nxb4 {Ich gratuliere schon mal vorsichtig; danach 
keine neuen Spiele mehr; erst im Herbst wieder! 
:-))}  25.Ne2 {Verderbe ich Dir jedesmal so sehr 
den Spaß? Außerdem ist dieses Ding noch lange 
nicht gewonnen.}  Nd3+ {Nein, aber der Spaß 
beginnt ernsthaft in meine Zeit einzugreifen, die 
ich beruflich brauche, und da}  26.Kd2 {Geht mir 
auch so! Und hier habe ich mir den Spaß soeben 
selbst verdorben...}  Nb3+ {Ich danke! Gute Nacht 
bzw. -n Morgen}  27.Ke3 {Wie viele Gabeln braucht 
man, um einen Turm zu schlagen?}  Nbxc1 {Ich 
möchte Deinen Bauern auf f2 auch noch haben. Habe 
lange überlegt und bin jetzt gierig.}  28.Nxc1 
{Und ich überlege, wie viele Punkte mich da 
kostet, gegen jemand mit ELO 13 zu verlieren.}  
Bc5+ {Ich habe 2 mails losgeschickt, getan hat 
sich noch nichts. na da werde ich mich mal 
anstrengen!}  29.Kd2 {Das dauert immer ein paar 
Tage. Ich darf jetzt nicht zu schnell verlieren.}  
Nxf2 {FALLS es mir gelingen sollte, hier 
Oberwasser zu bekommen, warte ich mit dem Mattzug, 
bis die Nachri}  30.Rh2 {Ich hoffe, dass ich das 
Matt SELBST einen Zug im voraus sehe. Dann warte 
ICH!}  e3+ {Jetzt mache mich bitte nicht nervös 
hier, ich muß schwer nachdenken...}  31.Ke2 {Ich 
bin ganz still...}  a5 {Na dann wollen wir den 
guten mal in Bewegung setzen, der Weg wird weit!}  
32.b3 {Nach dem Motto: Lieber lange unterwegs, als 
sofort weg!}  Bd6 {Vielleicht schafft er es ja ... 
er hat gut gefrühstückt heute morgen}  33.Rg2 {Ich 
sehe gar nichts mehr...}  Bf4 {Jetzt hätte ich 
fast Deinen h-Bauern geschlagen ...}  34.Kf3 
{Schön wär's gewesen...}  Rxh4 {Jetzt geht es 
aber. Du meinst es heute aber gut mit mir!}  
35.Ne2 {Konnte ich doch eh nicht verhindern, oder? 
Erklär's mir bitte!}  Bh6 {Ich habe mich vertan, 
aber mal positiv. Herr Stahl hat noch nicht 
geantwortet. Bin mal gespannt ...}  36.Be6 {In der 
Nacht von Montag auf Dienstag tut er wohl immer 
was. Ansonsten - abwarten!}  Ke7 {Gerade hat O-Man 
gegen mich aufgegeben: 13 +30 machtr 43! Ob ich 
mal pausieren soll?}  37.Bf5 {Macht doch bestimmt 
Spaß, das Feld von hinten aufzurollen! Man fühlt 
sich wie neugeboren...}  Bg5 {Na da wird er aber 
eine Menge zu korrigieren haben, wenn er erst 
nächste Woche reinschaut. Oder ich}  38.Rg1 {Ich 
will Deine Zahl nicht noch weiter 
hochkatapultieren, deswegen versuche ich noch 
remis zu halten.}  Rb4 {Du bist es, der mir so 
richtig Mut dazu gemacht hat.}  39.Bc2 {Dies ist 
unsere 5. Partie gegeneinander. Da hast Du langsam 
mal ein Erfolgserlebnis verdient.}  Kd6 {Alter 
Statistiker! Ich brauche jetzt DIE Mütze Schlaf! 
Sonst gibt es das Nudelholz! Bis morgen...}  
40.Ra1 {Träum was Schönes...}  Rb5 41.Ra4 {Das 
macht immer wieder Spaß, mit 2 Minusbauern 
jenseits von Gut und Böse zu spielen.}  Rc5 {Ich 
möchte dich gerne mattsetzen. Und dann trinke ich 
einen drauf. Dauert aber noch ...}  42.Bg6 {Dann 
hätte ich aber ein schlechtes Gewissen, wenn 
Menschen wegen mir zu Säufern werden...}  Re5 
{Dieses eine Mal ...  Th. Stahl hat geantw.  Er 
korrigiert erstmal auf 1140 und prüft dann in Ruhe 
na}  43.Rd4+ {Bei keinem anderen Spieler macht die 
ELO so große Sprünge wie bei Dir.}  Kc6 {Tja, Carl 
Friedrich Gauß wäre begeistert...}  44.Ra4 {Bei 
mir stagniert sie um 1450. Nix mehr los mit mir! 
Vielleicht überspielt.}  f5 {Zwei Tage ausspannen 
und verwöhnen lassen und Du bist wieder 1700-fit! 
Aber erst hier zum Ende komme}  45.Nd4+ {In Klasse 
A wird alles besser!}  Kb6 46.Ra2 {Schade, auf f5 
schlagen ging nicht. Okay, morgen geht's weiter!}  
Nd3 {Guten Morgen  Frisch gestärkt kann es 
weitergehen}  47.Bxf5 {Moin! Jetzt riskiere ich's 
doch. Kannst vielleicht schon den Sekt in den 
Kühlschrank stellen...}  Nc1 {Ich habe mir jetzt 
ein Brett aufgebaut... und wieder um dioe 1130 
Punkte übergangsweise ...}  48.Rc2 {Ab an die 
Glotze! Hoffentlich spielen unsere Jungs gegen 
Albanien besser als ich gegen Dich...}  e2 {Ich 
denke jetzt sieht es gut aus ... Vielleicht schau 
ich auch ein bißchen Fussball ...}  49.Rc6+ {Rudis 
Jungs haben auch "mit Weiß" auch nicht besser 
gespielt, aber gewonnen und sie waren im TV.}  Ka7 
{Ich gratuliere Dir noch zu Deinem Aufstieg nach 
"A". Dein Turniersieg bedeutet meinen Abstieg nach 
"}  50.Nxe2 {Herzliches Beileid! Dann gönne ich 
Dir Deinen Sieg in dieser Partie umso mehr.}  
Rxf5+ {Danke! Aber ich habe vor wiederzukommen ... 
Gestärkt natürlich...}  51.Kg4 {Hier hatte ich 
Sxe2 erwartet - aber ich sehe schon, was Du 
vorhast...}  Nxe2 {Genau ... So macht das wirklich 
Laune zu spielen , vor allem bei diesem Wetter 
draußen}  52.Kxf5 {Jetzt kannst Du mir zeigen, wie 
Springer + Randbauer gewinnen.}  Nd4+ {Ich hoffe 
nur, es endet nicht K, B, N  gegen K. Das kann 
dauern!}  53.Kxg5 {Hol Dir doch einfach 'ne Dame! 
Aber ich hatte dieses Endspiel in B192-17: 86 Züge 
dauerte die Partie}  Nxc6 {Bitte nicht !!!!!! Hast 
Du schon in "A" angefangen?}  54.Kf4 {Ja, A115. 
Aber dort will ich mich besser konzentrieren, also 
nicht zu viele Partien.}  Nd4 {Ich wünsche Dir ein 
erfolgreiches Spielen da oben ...}  55.Ke4 {Falls 
nicht, sehen wir uns in Klasse B wieder!}  Nxb3 
{Aus beruflichen und damit verbunden eben 
zeitlichen Gründen werde ich hier baldigst ganz 
ausscheiden}  56.Kd3 {Das wäre aber schade. So 
nette Gegner trifft man nicht immer.}  Nc5+ {Das 
Kompliment gebe ich gerne zurück. ich gebe jetzt 
alle Partien auf.}  57.Kc4 {Ist Deine Zeit so 
knapp geworden, dass Du nicht mal mehr dieses 
Endspiel zu Ende gewinnen kannst?} 
 1-0

[Event "HCL-A107"]
[Site "www.playchess.de"]
[Date "2001.03.25"]
[Round "8"]
[White "Geoffrey16"]
[Black "Westqualmer"]
[WhiteElo "1820"]
[BlackElo "1951"]
[PlyCount "40"]
[Result "0-1"]

1.e4 e6 2.d4 {you again, i will try my very best 
this time.}  d5 {sorry, you know.... my english.}  
3.Nd2 {oh ok.}  Nf6 4.exd5 exd5 5.g3 Bd6 6.Bg2 O-O 
7.Ne2 Re8 8.O-O Bg4 9.Nf3 Qd7 10.Re1 Nc6 11.c3 Re7 
12.Bg5 Qf5 13.Bxf6 Qxf6 14.Nd2 Rae8 15.Bf1 Qf5 
16.Nb3 Qh5 17.Nbc1 Nd8 18.Qd2 Ne6 19.Nd3 Ng5 
20.Bg2 R7xe2 0-1

[Event "HCL-B244"]
[Site "www.playchess.de"]
[Date "2001.03.25"]
[Round "21"]
[White "Omni"]
[Black "dakini"]
[WhiteElo "1200"]
[BlackElo "1157"]
[PlyCount "33"]
[Result "1-0"]

1.d4 d5 2.Nf3 {hi and good luck to the tournament} 
 Bg4 {thx  u2}  3.e3 e6 4.c4 c5 5.Be2 cxd4 6.Nxd4 
Nf6 7.Bxg4 Ne4 8.O-O Bd6 9.cxd5 O-O 10.dxe6 Bxh2+ 
11.Kxh2 fxe6 12.Nxe6 Qh4+ 13.Kg1 Nxf2 14.Rxf2 
Qxf2+ 15.Kh2 Qh4+ 16.Bh3 Re8 17.Nc7 1-0

[Event "HCL-B251"]
[Site "www.playchess.de"]
[Date "2001.03.25"]
[Round "8"]
[White "dakini"]
[Black "Lycanth"]
[WhiteElo "1137"]
[BlackElo "1443"]
[PlyCount "26"]
[Result "0-1"]

1.e4 {Hello again my friend! I´m a little bit 
tired, one or  two moves "encore"...}  e5 {hiya 
again :)}  2.f4 Qh4+ {same here i m tired too}  
3.g3 {cu tomorrow!}  Qe7 {have a good night bye}  
4.fxe5 Qd6 5.exd6 {?????}  Bxd6 {aaaaaaaaaack bad 
click was tired .... i would move d7-d6}  6.Bc4 
{Sorry! It can happen ... You wanna play another 
few moves?}  Nf6 {not really without my queen the 
game is lost... maybe i ll try to send a e-mail to 
the webmaster}  7.Qe2 {OK! Can you tell me what he 
answered?}  O-O {i ll tell u when i ll receive an 
answer}  8.Nf3 {Perhaps we see us later in the 
evening; We have cards this eve for teh Tap Dogs 
live!}  Nc6 {hum no answer yet :(}  9.e5 {In other 
games I resigned when I lost my queen early ...}  
Nxe5 {i didnt lost my queen its a bad click :(}  
10.Nxe5 {Yes therefore I don´t have any fun here 
... Next time we corrify this, ok?}  Bxe5 {yep}  
11.Qxe5 Re8 12.Bxf7+ Kxf7 13.Qxe8+ 
Kxe8 0-1

[Event "HCL-B256"]
[Site "www.playchess.de"]
[Date "2001.03.25"]
[Round "1"]
[White "rockmountain"]
[Black "Capablancanot"]
[WhiteElo "812"]
[BlackElo "1593"]
[PlyCount "36"]
[Result "0-1"]

1.e4 {good luck}  d6 {Have fun!}  2.Nc3 Nd7 3.Nf3 
e5 4.Bd3 c6 5.b3 Ngf6 6.O-O h6 7.a4 Be7 8.Bc4 Qc7 
9.d3 Nf8 10.a5 g5 11.h3 Ng6 12.b4 g4 {It must be 
very late unless you are on the East Coast.}  
13.hxg4 Bxg4 14.d4 exd4 15.Qxd4 {Ohio}  Bxf3 {Then 
you were up late last night. My wife was born in 
Ohio.}  16.gxf3 {where are u from}  Rg8 {Born in 
NYC but lived in Bakresfield, CA since I was 3. 
Except for 3 years in College at UC Irvine.}  
17.Bxh6 Nh4+ 18.Kh2 Nxf3+ 0-1

[Event "HCL-A113"]
[Site "www.playchess.de"]
[Date "2001.03.25"]
[Round "7"]
[White "mgwili"]
[Black "Yogibear"]
[WhiteElo "1900"]
[BlackElo "1845"]
[PlyCount "36"]
[Result "0-1"]

1.e4 {hi}  d5 2.exd5 Qxd5 3.Nc3 Qa5 4.Nf3 Nf6 
5.Be2 Bg4 6.O-O Nc6 7.h3 Bh5 8.d4 e6 9.Bf4 Bb4 
10.Nb5 Nd5 11.a3 Bxf3 12.gxf3 {good move!}  Nxf4 
{thank you-but take care now,please!}  13.axb4 
{but there is nothing else i can do now...}  Qb6 
{very difficult to play for both sides. c7 must be 
saved!}  14.c3 {its getting so tough...}  e5 15.d5 
Nd4 16.Nxc7+ Kf8 17.Ne6+ fxe6 18.cxd4 Qd8 {May be 
you don`t like this move!!}  0-1